000 00619nam a22001697a 4500
005 20251108165241.0
008 250721s1988 xx 000 0 ara d
082 1 4 _a551.483/عبد
100 1 _aعبد الحي، عبد التواب
245 1 0 _aالنيل و المستقبل :
_bرحلة فريدة معه ترصد ما جرى له و لمنابعه الإستوائية و الأثيوبية /
264 1 _aالقاهره :
_bمركز الأهرام للترجمة و النشر،
_c1988.
300 _a269ص
650 1 7 _aنهر النيل
650 1 7 _aالأنهار
942 _2ddc
_cBK
999 _c23248
_d23248